Legislative proposals concerning FNMA and FHLMC : hearings before the Subcommittee on Housing and Community Development of the Committee on Banking, Finance, and Urban Affairs, House of Representatives, Ninety-eighth Congress, first session, May 17 and 18, 1983.

Bibliographic Details
Corporate Authors: United States. Congress. House. Committee on Banking, Finance, and Urban Affairs. Subcommittee on Housing and Community Development, ProQuest (Firm)
Format: Government Document eBook
Language:English
Published: Washington : U.S. G.P.O., 1983.
Series:U.S. Congressional Hearings.
Subjects:
Online Access:Connect to the full text of this electronic book

MARC

Tag First Indicator Second Indicator Subfields
LEADER 00000cam a22000001a 4500
001 in00003220003
005 20190404181743.0
006 m d f
007 cr bn mmmapmmp
008 091015s1983 dcua ob f000 0 eng d
035 |a cis2007445739 
040 |a UMI  |c UMI  |d UtOrBLW 
043 |a n-us--- 
074 |a 1013-A, 1013-B (microfiche) 
086 0 |a Y 4.B 22/1:98-20 
088 |a Serial no. 98-20 (United States. Congress. House. Committee on Banking, Finance, and Urban Affairs) 
099 |a HRG-1983-BFU-0022 
110 1 |a United States.  |b Congress.  |b House.  |b Committee on Banking, Finance, and Urban Affairs.  |b Subcommittee on Housing and Community Development. 
245 1 0 |a Legislative proposals concerning FNMA and FHLMC :  |b hearings before the Subcommittee on Housing and Community Development of the Committee on Banking, Finance, and Urban Affairs, House of Representatives, Ninety-eighth Congress, first session, May 17 and 18, 1983. 
264 1 |a Washington :  |b U.S. G.P.O.,  |c 1983. 
300 |a 1 online resource. 
336 |a text  |b txt  |2 rdacontent 
337 |a computer  |b c  |2 rdamedia 
338 |a online resource  |b cr  |2 rdacarrier 
500 |a Record is based on bibliographic data in ProQuest Congressional Hearings Digital Collection. Reuse except for individual research requires license from ProQuest, LLC. 
504 |a Includes bibliographical references. 
538 |a System requirements: PDF reader software. 
500 |a Electronic resource. 
610 2 0 |a Federal National Mortgage Association. 
610 2 0 |a Federal Home Loan Mortgage Corporation. 
650 0 |a Bank investments  |z United States. 
650 0 |a Housing  |z United States  |x Finance. 
650 0 |a Mortgage loans  |z United States. 
655 7 |a Electronic books.  |2 local 
710 2 |a ProQuest (Firm) 
776 0 8 |i Print version:  |a United States. Congress. House. Committee on Banking, Finance, and Urban Affairs. Subcommittee on Housing and Community Development  |t Legislative proposals concerning FNMA and FHLMC  |w (OCoLC)10049279  |w gp 84004131 
776 0 8 |i Microfiche version:  |a United States. Congress. House. Committee on Banking, Finance, and Urban Affairs. Subcommittee on Housing and Community Development  |t Legislative proposals concerning FNMA and FHLMC.  |d [Bethesda, Md.] : ProQuest,[2004]  |o CIS 83 H241-46  |w (ProQuest)cis08300395 
830 0 |a U.S. Congressional Hearings. 
856 4 0 |u http://proxy.library.tamu.edu/login?url=http://congressional.proquest.com/congcomp/getdoc?HEARING-ID=HRG-1983-BFU-0022  |z Connect to the full text of this electronic book  |t 0 
998 |a cis08300395 
999 |a MARS 
999 f f |s e78cedf9-0c51-3fb8-810e-4e6576a8058e  |i 890e7f91-4f7b-344a-9ad3-ea7ac730adaa  |t 0 
952 f f |a Texas A&M University  |b College Station  |c Electronic Resources  |d Available Online  |t 0  |e HRG-1983-BFU-0022  |h Other scheme 
998 f f |a HRG-1983-BFU-0022  |t 0  |l Available Online